Filmes Da Barbie - Statistics

Estatísticas Gerais
  • Esse quiz foi jogado 1 070 vezes
  • A pontuação média é 10 de 16
Estatísticas das Respostas
Imagem Resposta % Correto
escola de princesas
93%
castelo de diamante
84%
barbie e as três mosqueteiras
83%
o quebra-nozes
73%
a princesa e a plebeia
71%
barbie moda e magia
71%
barbie como rapunzel
70%
vida de sereia
67%
a princesa e a pop star
66%
barbie e o segredo das fadas
63%
a princesa da ilha
57%
lago dos cisnes
56%
barbie e as 12 bailarinas
44%
barbie e as sapatilhas mágicas
44%
magia de aladus
42%
canção de natal
28%
Nenhum quiz correspondente encontrado
Distribuição das Pontuações
Porcentagem de Pessoas com Cada Pontuação
Percentil de Números Respondidos
Sua Pontuação Histórica
Você não jogou esse quiz